Vista normal
Vista MARC
- Varez de Castro
Entrada Personal Name
Número de registros utilizados en: 1
001 - CONTROL NUMBER
- control field: 26448
003 - CONTROL NUMBER IDENTIFIER
- control field: ES-SlBCS
005 - DATE AND TIME OF LATEST TRANSACTION
- control field: 20260424085000.0
008 - FIXED-LENGTH DATA ELEMENTS
- fixed length control field: 260424|| aca||aabn | a|a d
040 ## - CATALOGING SOURCE
- Original cataloging agency: ES-SlBCS
- Transcribing agency: ES-SlBCS
100 ## - HEADING--PERSONAL NAME
- Personal name: Varez de Castro
670 ## - SOURCE DATA FOUND
- Source citation: Work cat.: (ES-SlBCS)0: Vega, Alonso de la (O.F.M.) 26447, Summa llamada nueva recopilacion y practica del fuero interior, utilissima para Confessores y penitentes, con varias resoluciones de casi innumerables casos de consciencia, tocantes a todas las materias Theologas, Canonicas y Iuridicas... Primera parte , 1598
